Central Library OPAC University of Rajshahi

The Mentally retarded citizen and the law / (Record no. 43587)

MARC details
000 -LEADER
fixed length control field 01448nam a2200361 a 4500
001 - CONTROL NUMBER
control field 43587
003 - CONTROL NUMBER IDENTIFIER
rucl marc code BD-RjUL
005 - DATE AND TIME OF LATEST TRANSACTION
control field 20211209053723.0
008 - FIXED-LENGTH DATA ELEMENTS--GENERAL INFORMATION
fixed length control field 160625s1976 nyu b 101 0 eng
020 ## - INTERNATIONAL STANDARD BOOK NUMBER
International Standard Book Number 0029168600 :
035 ## - SYSTEM CONTROL NUMBER
System control number (OCoLC)ocm01530441
System control number (BD-RjUL)43705
System control number (NNC)2666127
040 ## - CATALOGING SOURCE
Original cataloging agency DLC
Transcribing agency DLC
Modifying agency MCL
-- NLM
-- ZCU
Language of cataloging eng
041 ## - LANGUAGE CODE
Language code of text/sound track or separate title eng
060 00 - NATIONAL LIBRARY OF MEDICINE CALL NUMBER
Classification number WM 300
Item number M5545 1973
082 ## - DEWEY DECIMAL CLASSIFICATION NUMBER
Classification number 346.73013
Edition number 23
Author mark and year MEN 1976
245 04 - TITLE STATEMENT
Title The Mentally retarded citizen and the law /
Statement of responsibility, etc. sponsored by the President's Committee on Mental Retardation ; edited by Michael Kindred ... [et al.] ; with a pref. by Lawrence A. Kane, Jr.
260 ## - PUBLICATION, DISTRIBUTION, ETC. (IMPRINT)
Place of publication, distribution, etc. New York :
Name of publisher, distributor, etc. Free Press,
Date of publication, distribution, etc. c1976.
300 ## - PHYSICAL DESCRIPTION
Pagination xxix, 738 p. ;
Size 26 cm.
500 ## - GENERAL NOTE
General note "The President's Committee on Mental Retardation convened a conference in 1973 ... Each of the 22 principal papers appear in a chapter of this volume."
504 ## - BIBLIOGRAPHY, ETC. NOTE
Bibliography, etc Includes bibliographical references and index.
650 #0 - SUBJECT ADDED ENTRY--TOPICAL TERM
Topical term or geographic name as entry element Insanity (Law)
Geographic subdivision United States
Form subdivision Congresses.
9 (RLIN) 133914
Topical term or geographic name as entry element Mental health laws
Geographic subdivision United States
Form subdivision Congresses.
9 (RLIN) 133915
Topical term or geographic name as entry element Civil Rights.
9 (RLIN) 133916
Topical term or geographic name as entry element Intellectual Disability.
9 (RLIN) 133917
651 #2 - SUBJECT ADDED ENTRY--GEOGRAPHIC NAME
Geographic name United States.
9 (RLIN) 133918
700 1# - ADDED ENTRY--PERSONAL NAME
Personal name Kindred, Michael.
710 1# - ADDED ENTRY--CORPORATE NAME
Corporate name or jurisdiction name as entry element United States.
Subordinate unit President's Committee on Mental Retardation.
9 (RLIN) 133921
942 ## - ADDED ENTRY ELEMENTS (KOHA)
Source of classification or shelving scheme Dewey Decimal Classification
Koha item type Books
Holdings
Lost status Source of classification or shelving scheme Damaged status Not for loan Collection code Permanent Location Current Location Shelving location Date acquired Source of acquisition Cost, normal purchase price Total Checkouts Full call number Date last seen Copy number Koha item type
  Dewey Decimal Classification     Non-fiction Central Library, University of Rajshahi Central Library, University of Rajshahi   28/02/1979 India Int. Cop. 170.00   346.73013 MEN 1976 25/06/2016 C-2 Books